000 00515nam a2200181Ia 4500
999 _c11074
_d11074
003 OSt
005 20191231123537.0
008 190216s9999||||xx |||||||||||||| ||und||
020 _a9788172733865
040 _coclc
082 _a338.4737
_bAHU/E
100 _aAhuja, Amrish Kumar
_9957
245 0 _aEconomics Of Education /
_cAmrish Kumar Ahuja
260 _bAuthorspress,
_c2007.
_aDelhi:
300 _a210p
650 _aEconomics
942 _cBK
_2ddc
_h338.4737
_iAHU/A
_k338.4737
_mAHU/A